000 00737cam a2200241 a 4500
008
020 _a0521864496 (hbk. )
049 _aMAIN
090 _aQC174.45 SRE
100 1 _aSrednicki, Mark Allen.
245 1 0 _aQuantum field theory /
_cMark Srednicki.
260 _aCambridge :
_bCambridge University Press,
_c2007.
300 _axxi, 641 p. :
_bill. ;
_c26 cm.
500 _aIncludes index.
504 _aIncludes bibliographical references.
650 0 _aQuantum field theory.
650 0 _aQuantum field theory
_vProblems, exercises, etc.
907 _a.b10249904
_b19-09-07
_c24-08-07
003
005 20230123134504.0
040 _cNUST
942 _cBOOKS
_kQC174.45 SRE
999 _c166821
_d166821